AEICOM- ATTITUDE, ETHICS AND COMMUNICATION MANUAL. (Record no. 1215265)

MARC details
000 -LEADER
fixed length control field 00478nam a22001817a 4500
003 - CONTROL NUMBER IDENTIFIER
control field OSt
005 - DATE AND TIME OF LATEST TRANSACTION
control field 20260130113032.0
008 - FIXED-LENGTH DATA ELEMENTS--GENERAL INFORMATION
fixed length control field 260130b |||||||| |||| 00| 0 eng d
020 ## - INTERNATIONAL STANDARD BOOK NUMBER
International Standard Book Number 9789389563782
040 ## - CATALOGING SOURCE
Transcribing agency CBS PUB
082 ## - DEWEY DECIMAL CLASSIFICATION NUMBER
Classification number 616.37
Item number JOH
100 ## - MAIN ENTRY--PERSONAL NAME
Personal name JOHN N. A
245 ## - TITLE STATEMENT
Title AEICOM- ATTITUDE, ETHICS AND COMMUNICATION MANUAL.
260 ## - PUBLICATION, DISTRIBUTION, ETC.
Place of publication, distribution, etc. B.M.S.G.B PUNE
Name of publisher, distributor, etc. CBS PUB
Date of publication, distribution, etc. 2020
300 ## - PHYSICAL DESCRIPTION
Extent 178;PB
500 ## - GENERAL NOTE
General note BILL NO - 6407<br/>DATE - 13/01/2026
942 ## - ADDED ENTRY ELEMENTS (KOHA)
Source of classification or shelving scheme Dewey Decimal Classification
Koha item type Textbook
Suppress in OPAC No
Holdings
Withdrawn status Lost status Source of classification or shelving scheme Damaged status Not for loan Collection Home library Current library Date acquired Source of acquisition Cost, normal purchase price Total Checkouts Full call number Barcode Date last seen Price effective from Koha item type
    Dewey Decimal Classification     Text Medical College & Hospital, Sangli Medical College & Hospital, Sangli 30/01/2026 B.M.S.G.B, PUNE 590.00   616.37/JOH MCS-17522 30/01/2026 30/01/2026 Textbook
    Dewey Decimal Classification     Text Medical College & Hospital, Sangli Medical College & Hospital, Sangli 30/01/2026 B.M.S.G.B, PUNE 590.00   616.37/JOH MCS-17523 30/01/2026 30/01/2026 Textbook